| 000 | | | 03595nmc2a22002413x 450 |
| 001 | | | d4485f90-17a3-4b31-9682-c7a84c4049b3 |
| 005 | | | 20230201055717.0 |
| 100 | ## | $a | 20220802l19011916k l0rusy0189 ca |
| 101 | 0# | $a | rus |
| 102 | ## | $a | RU |
| 105 | ## | $a | y### |
| 122 | 2# | $a | d |
| 200 | 1# | $a | Дело о службе артиста-флейтиста Макса Берга |
| | $j | 15 ноября 1901 г. - 19 декабря 1916 г. |
| 215 | ## | $a | 16 л. |
| | $d | 36,5х26 см |
| 251 | ## | $c | Дело |
| 300 | ## | $a | На бланке обложки указано: "Дело Санкт-Петербургской конторы императорских театров" |
| 371 | ## | $a | Документ не является опубликованным и широко распространяемым |
| 461 | #0 | $1 | 0019264ebf8-de62-4f1a-9eb4-9f22098dbbd5 |
| | $1 | 2001 |
| | $a | Дирекция императорских театров Министерства императорского двора |
| | $1 | 251 |
| | $c | Фонд |
| | $1 | 852 |
| | $j | 497 |
| 462 | #0 | $1 | 00100037408-f2d3-429f-8132-b2a5be14c7f5 |
| | $1 | 2001 |
| | $a | Дела о службе |
| | $1 | 251 |
| | $c | Опись |
| | $1 | 852 |
| | $j | 13 |
| 801 | #0 | $a | RU |
| | $b | РГИА |
| | $c | 20220802 |
| | $g | RCR |
| 801 | #1 | $a | RU |
| | $b | ГлавНИВЦ |
| | $c | 20220802 |
| | $2 | rusmarc |
| 801 | #2 | $a | RU |
| | $b | ПБ им. Б.Н. Ельцина |
| | $c | 20230201 |
| | $g | RCR |
| | $2 | rusmarc |
| 850 | ## | $a | РГИА |
| 852 | ## | $a | РГИА |
| | $e | Федеральное казенное учреждение "Российский государственный исторический архив" (РГИА) |
| | $j | 83 |
| 937 | ## | $h | РГИА |
| | $d | 12385100 |
| | $a | ASBIBLIO_SCAN |
| 035 | ## | $a | RusGRCC00050713 |
| 856 | ## | $u | http://readingroom.main.prlib.ru/item.aspx?id_node=n182710626&mode=full |